Metalurgie litin : návod na cvičení /
Saved in:
| Main Authors: | , , |
|---|---|
| Format: | Book |
| Language: | Czech |
| Published: |
Brno :
Vysoké učení technické,
1992
|
| Edition: | 2. vyd. |
| Series: | Učební texty vysokých škol
|
| ISBN: |
8021403969 (brož.) |
| Physical Description: |
80 s. : obr., tab., sch. ; 29 cm. |
| Tags: |
Add Tag
No Tags, Be the first to tag this record!
|
Titul je dostupný aj v ... 

MARC
| LEADER | 00000nam a2200000 4500 | ||
|---|---|---|---|
| 001 | 000245213 | ||
| 005 | 20100915101419.0 | ||
| 008 | 940120s1992 xr e cze d | ||
| 020 | |a 8021403969 (brož.) |c Kčs 19,00 | ||
| 040 | |a SVKKK |b slo |c SVKKK |e AACR2 | ||
| 041 | 0 | |a cze | |
| 044 | |a xr |c CZ | ||
| 100 | 1 | |a Roučka, Jaromír, |d 1945- |4 aut | |
| 245 | 1 | 0 | |a Metalurgie litin : |b návod na cvičení / |c Jaromír Roučka, František Kristoň, Jaroslav Zezulka. |
| 250 | |a 2. vyd. | ||
| 260 | |a Brno : |b Vysoké učení technické, |c 1992 |e (Šlapanice : |f Reprografie) | ||
| 300 | |a 80 s. : |b obr., tab., sch. ; |c 29 cm. | ||
| 366 | |e 200 výt. | ||
| 490 | 1 | |a Učební texty vysokých škol | |
| 504 | |a Prehl. lit | ||
| 700 | 1 | |a Kristoň, František |4 aut | |
| 700 | 1 | |a Zezulka, Jaroslav |4 aut | |
| 810 | 2 | |a Vysoké učení technické Brno |b Fakulta stavební |t Učební texty vysokých škol | |
| 910 | |a svkkk | ||
| 919 | |a 80-214-0396-9 | ||
| 998 | |a BK | ||
| 090 | |g SCKHL |k Sklad Pribinova 3. posch. |a V.181931 |j 847974 |i 2720867882 |4 Multiplikát |s Vyradená | ||
| 090 | |g SCKHL |k Sklad Pribinova 3. posch. |a V.181932 |j 847975 |i 245213-20 |4 Multiplikát |s Vyradená | ||
| 090 | |g SCKHL |k Sklad Pribinova 3. posch. |a V.181933 |j 847976 |i 2720465449 |s Povinný výt. | ||